Online
Catalog

La reserva de ley en Iberoamérica / (Record no. 47355)

MARC details
000 -CABECERA
campo de control de longitud fija 01278nam a2200289 a 4500
001 - NÚMERO DE CONTROL
campo de control 000047867
003 - IDENTIFICADOR DEL NÚMERO DE CONTROL
campo de control OSt
005 - FECHA Y HORA DE LA ÚLTIMA TRANSACCIÓN
campo de control 20260519150033.0
007 - CAMPO FIJO DE DESCRIPCIÓN FÍSICA--INFORMACIÓN GENERAL
campo de control de longitud fija ta
008 - DATOS DE LONGITUD FIJA--INFORMACIÓN GENERAL
campo de control de longitud fija 181001s2018 dr 000 spa d
020 ## - NÚMERO INTERNACIONAL ESTÁNDAR DEL LIBRO
Número Internacional Estándar del Libro 9789945610130
040 ## - FUENTE DE LA CATALOGACIÓN
Centro catalogador/agencia de origen DO-SdBNP
Lengua de catalogación spa
Centro/agencia transcriptor BNPHU
082 ## - NÚMERO DE LA CLASIFICACIÓN DECIMAL DEWEY
Número de documento/Ítem D277r
100 1# - ENTRADA PRINCIPAL--NOMBRE DE PERSONA
Nombre de persona Díaz Filpo, Rafael
9 (RLIN) 84919
245 13 - MENCIÓN DE TÍTULO
Título La reserva de ley en Iberoamérica /
Mención de responsabilidad, etc. Rafael Díaz Filpo ;Yissel Casado, diagramación ; Enrique Read, diseño de portada.
260 ## - PUBLICACIÓN, DISTRIBUCIÓN, ETC.
Lugar de publicación, distribución, etc. Santo Domingo :
Nombre del editor, distribuidor, etc. JUDEX ,
Fecha de publicación, distribución, etc. 2018.
300 ## - DESCRIPCIÓN FÍSICA
Extensión 282 p. :
Otras características físicas il. ;
Dimensiones 25 cm.
500 ## - NOTA GENERAL
Nota general Incluye referencias bibliográficas y notas al pie de las páginas
504 ## - NOTA DE BIBLIOGRAFÍA, ETC.
Nota de bibliografía, etc. Bibliografía : p. 221-226
505 0# - NOTA DE CONTENIDO CON FORMATO
Nota de contenido con formato El concepto de la ley, evolución y tipos --
Título La reserva de la ley --
-- La reserva de la ley en la regulación de los derechos fundamentales --
-- Las leyes en Iberoamérica --
-- Procesos de reformación de las leyes en los países iberoamericanos --
-- La reserva de la ley frente a la omisión legislativa.-
505 0# - NOTA DE CONTENIDO CON FORMATO
Nota de contenido con formato Bibliografía.- anexo
590 ## - NOTA LOCAL (RLIN)
Nota local Inventariado, 2018/VM
700 01 - PUNTO DE ACCESO ADICIONAL--NOMBRE DE PERSONA
Nombre de persona Casado, Yissel,
Término indicativo de función/relación diagramación
9 (RLIN) 43308
700 #1 - PUNTO DE ACCESO ADICIONAL--NOMBRE DE PERSONA
Nombre de persona Read, Enrique
Término indicativo de función/relación diseño de portada.
9 (RLIN) 77542
710 2# - PUNTO DE ACCESO ADICIONAL--NOMBRE DE ENTIDAD CORPORATIVA
Nombre de entidad corporativa o nombre de jurisdicción como elemento de entrada Tribunal Cosntitucional de la República Dominicana
9 (RLIN) 75427
942 ## - ELEMENTOS DE PUNTO DE ACCESO ADICIONAL (KOHA)
Fuente del sistema de clasificación o colocación Dewey Decimal Classification
Tipo de ítem Koha Libro
Holdings
Estado de retiro Estado de pérdida Fuente del sistema de clasificación o colocación No para préstamo Código de colección Localización permanente Ubicación/localización actual Ubicación en estantería Fecha de adquisición Fuente de adquisición Número de inventario Total de préstamos Signatura topográfica completa Código de barras Fecha visto por última vez Número de copia Precio válido a partir de Tipo de ítem Koha
    Dewey Decimal Classification Excluido de préstamo Monografías: Libros y Folletos Biblioteca Nacional Pedro Henríquez Ureña General Depósito 01.10.2018 Donado por Tribunal Constitucional LF1   xxx D277r 47867-30 25.06.2020 e. 3 25.06.2020 Libro
    Dewey Decimal Classification Préstamo en sala Monografías: Libros y Folletos Biblioteca Nacional Pedro Henríquez Ureña General Depósito 23.01.2019 ODECOPLIN LF1   xx xx 47867-40 25.06.2020 e. 4 25.06.2020 Libro
    Dewey Decimal Classification   Monografías: Libros y Folletos General General Orden iniciada 23.01.2019 Donado por el Tribunal constitucional LF1     47867-50 25.06.2020 e.5 25.06.2020 Libro
    Dewey Decimal Classification Excluido de préstamo Monografías: Libros y Folletos Biblioteca Nacional Pedro Henríquez Ureña Patrimonio Dominicano Depósito 05.09.2018 Donado por el Tribunal constitucional LF1   xxx D277 47867-10 25.06.2020   25.06.2020 Libro
    Dewey Decimal Classification Excluido de préstamo Monografías: Libros y Folletos Biblioteca Nacional Pedro Henríquez Ureña Patrimonio Dominicano Depósito 05.09.2018 Donado por Tribunal Constitucional LF1   xx D277r 47867-20 25.06.2020 e. 2 25.06.2020 Libro

Powered by Koha